Представление документа в формате RUSMARC

ПолеНазваниеЗначение
  Тип записи a
  Библиографический уровень m
001 Контрольный номер 364e3da5f8a948399633c0e577492bf3
005 Дата корректировки 20230110142801.7
010 Индекс ISBN __
a ISBN 978-5-9942-0678-2
b Уточнения в пер.
9 Тираж 7006 экз.
d Цена 158-90
100 Данные общей обработки __
a Данные общей обработки 20220517d2010 m y0rusy028902 ca
101 Язык документа 0_
a Язык текста rus
102 Страна публикации __
a Страна публикации RU
105 Кодированные данные (монография) __
a Кодированные данные (монография) y z 000ay
181 Поле кодированных данных: вид содержания _0
a Код вида содержания (ISBD) i
182 Поле кодированных данных: тип средства _0
a Код типа средства (ISBD) n
200 Заглавие и сведения об ответственности 1_
a Заглавие В лесах
e Сведения, относящиеся к заглавию [роман]
f Первые сведения об ответственности П. И. Мельников (Андрей Печерский)
203 Вид содержания и тип средства __
a Вид содержания Текст
c Тип средства непосредственный
210 Выходные данные 1_
a Место издания Санкт-Петербург
c Издательство Ленинградское издательство
d Дата издания 2010
215 Физическое описание __
a Объем 1022, [1] с.
d Формат 21 см
300 Общие примечания __
a Общие примечания 1-й роман дилогии
330 Аннотация __
a Аннотация Манящие лесные дали Заволжья, скрывающие в своих урочищах раскольничьи скиты с их потаенной жизнью. Вольно текущая Волга… Настоящая, исконная, старозаветная Русь, буйная в веселье, безудержная в грехах, истовая в раскаянии. Всему здесь найдется место – и пьянству, и легкости нравов, и изуверству. Но тем ярче живым, чистым блеском сияет настоящая любовь, подлинная вера, красота человеческой души.
606 Тематические рубрики __
a Основная рубрика Художественная литература
2 Код системы nlr_sh
606 Тематические рубрики __
a Основная рубрика Русская литература XIX в. (произведения)
2 Код системы nlr_sh
610 Ключевые слова 0_
a Ключевые слова русская классическая литература
610 Ключевые слова 0_
a Ключевые слова классическая литература
610 Ключевые слова 0_
a Ключевые слова романы
610 Ключевые слова 0_
a Ключевые слова русская классика
610 Ключевые слова 0_
a Ключевые слова русская классическая литература
610 Ключевые слова 0_
a Ключевые слова исторические романы
610 Ключевые слова 0_
a Ключевые слова тема купечества
610 Ключевые слова 0_
a Ключевые слова раскольники
610 Ключевые слова 0_
a Ключевые слова старообрядцы
610 Ключевые слова 0_
a Ключевые слова тема раскольников
610 Ключевые слова 0_
a Ключевые слова тема россии
610 Ключевые слова 0_
a Ключевые слова тема старообрядцев
610 Ключевые слова 0_
a Ключевые слова дилогии
610 Ключевые слова 0_
a Ключевые слова тема русского быта
686 Индексы других классификаций __
2 Код системы rubbks
a Классификационный индекс 84(2=411.2)52-4
700 Автор _1
a Фамилия Мельников
b Имя П. И.
c Титул (звания) Печерский, Андрей
f Даты 1818-1883
g Полное личное имя Павел Иванович
4 Код отношения 070
790 Имя лица - альтернативная форма _1
4 Код отношения 070
a Имя лица - альтернативная форма Печерский
f Даты 1818-1883
b Имя А.
g Полное личное имя Андрей
c Титул (звания) Мельников, Павел Иванович
801 Источник записи _0
a Страна RU
b Организация Муниципальное бюджетное учреждение культуры "Централизованная библиотечная система" г. Сургут (Центральная городская библиотека им. А. С. Пушкина)
c Дата составления 20220517
g Правила каталогизации PSBO
801 Источник записи _2
a Страна RU
b Организация Муниципальное бюджетное учреждение культуры "Централизованная библиотечная система" г. Сургут (Центральная городская библиотека им. А. С. Пушкина)
c Дата составления 20220517
g Правила каталогизации PSBO
852 Данные о местонахождении __
j Шифр хранения 84(2=411.2)52-4
i Авторский знак М 48
900 Макрообъекты __
a Макрообъекты В лесах, 2010
901 Тип документа __
a Ответственный КиК/Обаева
t Тип документа m
903 Характеристики (МАРС) __
a Дата передачи 20220517
c Наименование библиотеки (МАРС) Муниципальное бюджетное учреждение культуры "Централизованная библиотечная система" г. Сургут (Центральная городская библиотека им. А. С. Пушкина)
990 Данные о заказе (DOS) __
j Количество экземпляров (DOS) 1
t N записи в КСУ для И/У (DOS) 202205